| 000 | 00652nam a22001937a 4500 | ||
|---|---|---|---|
| 003 | OSt | ||
| 005 | 20130619140410.0 | ||
| 008 | 130619s2001 sp ||||| |||| 00| 0 cat d | ||
| 020 | _a8484153436 | ||
| 040 | _cCDMR | ||
| 100 | 1 |
_9108 _aBlasi i Birbe, Ferran |
|
| 245 | 1 | 3 |
_aEl retorn del temps _b: memòries d'un bon tros de segle _cFerran Blasi i Birbe ; pròleg de Ramón Tamames ; epíleg de Sebastià Auger |
| 260 |
_aBarcelona _bPublicacions de l'Abadia de Monserrat _c2001 |
||
| 300 | _a270 p. | ||
| 490 | 0 |
_aBiblioteca Serra d'Or _v276 |
|
| 600 | 1 |
_9108 _aBlasi i Birbe, Ferran |
|
| 650 | 0 | 4 |
_93139 _aPeriodistes catalans _vBiografia |
| 942 |
_2udc _cMON |
||
| 999 |
_c6499 _d6499 |
||